[Event "AUTO-INT-804"]
[Site "http://www.queenalice.com/game.php?id=359061"]
[Date "2008.2.22"]
[Round "1"]
[White "alexandre35"]
[Black "winner"]
[Result "1-0"]
[WhiteElo "1727"]
[BlackElo "1718"]

1. e4 e6 2. d4 d5 3. Nc3 Bb4 4. e5 Bxc3+ 5. bxc3 Ne7 6. Bd3 O-O 7. Nf3 b6 8. Ng5
g6 9. O-O Ba6 10. h4 Bxd3 11. Qxd3 Nbc6 12. h5 Nf5 13. hxg6 hxg6 14. Qh3 Re8 15.
Qh7+ Kf8 16. Qxf7# 1-0

[Event "AUTO-ADV-812"]
[Site "http://www.queenalice.com/game.php?id=359148"]
[Date "2008.2.22"]
[Round "1"]
[White "winner"]
[Black "sofia"]
[Result "1-0"]
[WhiteElo "1719"]
[BlackElo "1519"]

1. e4 e5 2. Nf3 d6 3. d4 Nf6 4. dxe5 Nxe4 5. exd6 cxd6 6. Qe2 Qe7 7. Nfd2 d5 8.
f3 Ng5 9. Qxe7+ Bxe7 10. Be2 O-O 11. O-O Bc5+ 12. Kh1 Nc6 13. Nb3 Bd4 14. Nxd4
Nxd4 15. Bd3 Bd7 16. Bxg5 Bb5 17. Rf2 Rfe8 18. Na3 Bxd3 19. cxd3 b5 20. Rc1 Re3
21. Bxe3 Nf5 22. Bd2 Re8 23. Nxb5 Rb8 24. a4 a6 25. Nc7 Rxb2 26. Re1 Nd6 27. Ne8
Nf5 28. Nc7 Nd6 29. Bf4 Rxf2 30. Bxd6 h6 31. Nxd5 Rd2 32. Nb4 a5 33. Nc6 Rxd3
34. Be7 Ra3 35. Nxa5 Rxa4 36. Nc6 Ra6 37. Nb4 Rb6 38. Nd5 Rb7 39. Kg1 f5 40. Re5
Rb1+ 41. Kf2 g5 42. Rxf5 Rb2+ 43. Kg3 Kg7 44. Bf6+ Kg6 45. Rxg5+ Kf7 46. Bxb2
hxg5 47. Kg4 Ke6 48. Nf6 1-0

[Event "AUTO-ADV-812"]
[Site "http://www.queenalice.com/game.php?id=359149"]
[Date "2008.2.22"]
[Round "1"]
[White "sofia"]
[Black "winner"]
[Result "0-1"]
[WhiteElo "1551"]
[BlackElo "1696"]

1. d4 e6 2. Nf3 d5 3. e3 Nf6 4. Nc3 Bb4 5. Bb5+ c6 6. Ba4 Bxc3+ 7. bxc3 O-O 8.
O-O Qa5 9. Bb3 Qxc3 10. Bb2 Qxb2 11. Rb1 Qa3 12. c4 Qe7 13. Ne5 Nbd7 14. cxd5
exd5 15. f4 Nxe5 16. dxe5 Nd7 17. Ba4 Nc5 18. g4 Ne4 19. Bc2 Nc3 20. Qd4 Ne2+
21. Kg2 Nxd4 22. exd4 Qh4 23. h3 Bd7 24. Rxb7 Bxg4 25. hxg4 Qxg4+ 26. Kf2 Qxf4+
27. Ke1 Qc1+ 28. Bd1 Qe3+ 29. Be2 Qxd4 30. e6 fxe6 31. Bh5 Qh4+ 32. Ke2 Qxh5+
0-1

[Event "AUTO-ADV-812"]
[Site "http://www.queenalice.com/game.php?id=359150"]
[Date "2008.2.22"]
[Round "1"]
[White "winner"]
[Black "darth_antonius"]
[Result "0-1"]
[WhiteElo "1691"]
[BlackElo "1703"]

1. e4 Nf6 2. e5 Nd5 3. d4 d6 4. Bd2 Nc6 5. Nf3 Bg4 6. Be2 Bxf3 7. Bxf3 e6 8.
Bxd5 exd5 9. exd6 Bxd6 10. c3 O-O 11. O-O Qh4 12. g3 Qf6 13. Qg4 g6 14. f4 Rae8
15. Re1 Rxe1+ 16. Bxe1 Nxd4 17. cxd4 Qxd4+ 18. Kg2 Qxb2+ 0-1

[Event "AUTO-ADV-812"]
[Site "http://www.queenalice.com/game.php?id=359151"]
[Date "2008.2.22"]
[Round "1"]
[White "darth_antonius"]
[Black "winner"]
[Result "1-0"]
[WhiteElo "1686"]
[BlackElo "1708"]

1. Nf3 e6 2. c4 Nf6 3. b3 d5 4. Bb2 Be7 5. e3 c6 6. Bd3 O-O 7. O-O Na6 8. a3 Nc5
9. Bc2 Qd7 10. Ne5 Qc7 11. b4 Ncd7 12. d4 Nxe5 13. dxe5 Nd7 14. f4 f6 15. Qh5 g6
16. Bxg6 hxg6 17. Qxg6+ Kh8 18. Rf3 Rg8 19. Rh3# 1-0

[Event "AUTO-ADV-812"]
[Site "http://www.queenalice.com/game.php?id=359152"]
[Date "2008.2.22"]
[Round "1"]
[White "winner"]
[Black "bruno_borges"]
[Result "1/2-1/2"]
[WhiteElo "1689"]
[BlackElo "2042"]

1. e4 e5 2. Nf3 Nc6 3. Bb5 a6 4. Bxc6 dxc6 5. O-O Bg4 6. d3 Bc5 7. Qe1 Bxf3 8.
gxf3 Qf6 9. Qe2 g5 10. Be3 Bxe3 11. fxe3 h5 12. Nd2 O-O-O 13. Kf2 Ne7 14. Rg1 g4
15. Raf1 Rdg8 16. Ke1 Qh4+ 17. Qf2 Ng6 18. Qxh4 Nxh4 19. fxg4 hxg4 20. Rxf7 Nf3+
21. Nxf3 gxf3 22. Rxg8+ Rxg8 23. Rxf3 Rg2 24. Rf2 Rg5 25. Rf5 Rg2 26. Rf2 Rg5
27. Rf5 Rg2 28. Rf2 1/2-1/2

[Event "AUTO-ADV-812"]
[Site "http://www.queenalice.com/game.php?id=359153"]
[Date "2008.2.22"]
[Round "1"]
[White "bruno_borges"]
[Black "winner"]
[Result "1-0"]
[WhiteElo "1879"]
[BlackElo "1716"]

1. e4 e6 2. d4 d5 3. Nd2 dxe4 4. Nxe4 Nf6 5. Nxf6+ Qxf6 6. Nf3 Qd8 7. Bd3 Be7 8.
O-O O-O 9. c3 b6 10. Be4 c6 11. Ne5 Bb7 12. Qh5 g6 13. Qg4 Nd7 14. Nxc6 Bxc6 15.
Bxc6 Rc8 16. Bxd7 Qxd7 17. Bf4 Bd6 18. Rfe1 Bxf4 19. Qxf4 Qd5 20. Re5 Qd6 21.
Qg4 Rc6 22. Rh5 f5 23. Qg5 Qd8 24. Qxd8 Rxd8 25. Rh3 Re8 26. Re3 Kf7 27. Re5 Kf6
28. Rae1 Rd8 29. R1e3 Rd5 30. Rxd5 exd5 31. Re5 Re6 32. f4 Rxe5 33. fxe5+ Ke6
34. Kf2 g5 35. Kf3 h5 36. h3 b5 37. b3 a5 38. h4 g4+ 39. Kf4 b4 40. cxb4 axb4
41. g3 Kd7 42. Kxf5 Ke7 43. e6 Ke8 44. Ke5 Ke7 45. Kxd5 Ke8 46. Kd6 Kd8 47. e7+
Ke8 48. d5 Kf7 49. Kd7 Kf6 50. e8=Q Kf5 51. Qxh5+ Ke4 52. Qxg4+ 1-0

[Event "Challenge"]
[Site "http://www.queenalice.com/game.php?id=359189"]
[Date "2008.2.22"]
[Round "-"]
[White "winner"]
[Black "junior_chess"]
[Result "1-0"]
[WhiteElo "1702"]
[BlackElo "1432"]

1. e4 c5 2. Nf3 Nc6 3. d4 e6 4. d5 Nb4 5. dxe6 fxe6 6. a3 Nc6 7. Be2 Nf6 8. Nc3
e5 9. Bb5 d6 10. Bxc6+ bxc6 11. O-O Be7 12. Bg5 O-O 13. Qe2 1-0

[Event "AUTO-INT-878"]
[Site "http://www.queenalice.com/game.php?id=393188"]
[Date "2008.4.25"]
[Round "1"]
[White "Koukin"]
[Black "winner"]
[Result "0-1"]
[WhiteElo "1318"]
[BlackElo "1727"]

1. e4 e6 2. Nf3 d5 3. d3 dxe4 4. dxe4 Qxd1+ 5. Kxd1 Bc5 6. h3 Bxf2 7. Nc3 Nc6 8.
Nb5 Bb6 9. Bd2 a6 10. Nc3 Nf6 0-1

[Event "AUTO-INT-878"]
[Site "http://www.queenalice.com/game.php?id=393204"]
[Date "2008.4.25"]
[Round "1"]
[White "winner"]
[Black "Alvim"]
[Result "1-0"]
[WhiteElo "1718"]
[BlackElo "1461"]

1. e4 e5 2. Nf3 Nc6 3. Bb5 d5 4. exd5 Qxd5 5. Nc3 Qc5 6. Bxc6+ bxc6 7. O-O Bd6
8. Re1 Ne7 9. d3 O-O 10. Ne4 Qb6 11. b3 Nd5 12. Bb2 f6 13. Nc3 Bf5 14. Nh4 Be6
15. Qf3 Bb4 16. Na4 Qa5 17. Re4 Bc3 18. Nxc3 Nxc3 19. Bxc3 Qxc3 20. Rc1 Qb2 21.
Ree1 Bd5 22. Qg3 c5 23. Nf5 g6 24. Ne7+ Kg7 25. Nxd5 Rab8 26. Nxc7 Rb6 27. Qh3
Kf7 28. Qd7+ Kg8 29. Ne6 Rf7 30. Qe8+ 1-0

[Event "AUTO-INT-878"]
[Site "http://www.queenalice.com/game.php?id=393205"]
[Date "2008.4.25"]
[Round "1"]
[White "Alvim"]
[Black "winner"]
[Result "1-0"]
[WhiteElo "1436"]
[BlackElo "1746"]

1. e4 e6 2. d4 d5 3. Nc3 dxe4 4. Nxe4 Nc6 5. Nf3 Be7 6. a3 Nf6 7. Bd3 Nxe4 8.
Bxe4 Bd7 9. O-O O-O 10. Ne5 b6 11. Nxc6 Bxc6 12. Bxc6 Rb8 13. Re1 Bf6 14. c3 Qd6
15. Qf3 a5 16. Bf4 Qe7 17. b4 axb4 18. axb4 Bg5 19. Ra7 Bxf4 20. Qxf4 Qd6 21.
Qxd6 cxd6 22. d5 exd5 23. Bxd5 Rbc8 24. Ree7 Rxc3 25. h3 Rd3 26. Rxf7 Rxd5 27.
Rxg7+ Kh8 28. Rxh7+ Kg8 29. Rag7# 1-0

[Event "AUTO-INT-878"]
[Site "http://www.queenalice.com/game.php?id=393206"]
[Date "2008.4.25"]
[Round "1"]
[White "winner"]
[Black "J_Ricardo"]
[Result "1-0"]
[WhiteElo "1731"]
[BlackElo "1519"]

1. e4 e5 2. Nf3 d6 3. d4 Nf6 4. dxe5 Nxe4 5. exd6 cxd6 6. Qe2 d5 7. Nbd2 Bf5 8.
Nxe4 dxe4 9. Nd2 Nc6 10. Nxe4 Be7 11. Ng3 Bg6 12. Qd2 Qc8 13. Be2 Qe6 14. O-O
Rd8 15. Qc3 Bf6 16. Qb3 Qe7 17. Be3 Na5 18. Qb5+ Nc6 19. c3 O-O 20. Rfd1 Rc8 21.
Rd2 Be5 22. Nf1 b6 23. Bf3 Nb8 24. Re1 Nd7 25. Qxd7 Bf6 26. Qxe7 Bxe7 27. Bxb6
axb6 28. Rxe7 Ra8 29. Bxa8 Rxa8 30. Red7 h6 31. Rd8+ Rxd8 32. Rxd8+ Kh7 33. Ne3
Bb1 34. a3 Be4 35. f3 Bg6 36. Nd5 b5 37. Nc7 b4 38. axb4 f6 39. b5 Bf5 40. b6
Kg6 41. b7 Kf7 42. b8=Q 1-0

[Event "AUTO-INT-878"]
[Site "http://www.queenalice.com/game.php?id=393207"]
[Date "2008.4.25"]
[Round "1"]
[White "J_Ricardo"]
[Black "winner"]
[Result "0-1"]
[WhiteElo "1511"]
[BlackElo "1739"]

1. e4 e6 2. a3 d5 3. f3 dxe4 4. fxe4 Nc6 5. Qf3 Nf6 6. Nc3 Be7 7. d3 O-O 8. Be3
Nd4 9. Bxd4 b6 10. Nh3 Bb7 11. O-O-O Qxd4 12. g4 c5 13. Nf4 Rad8 14. g5 Nd7 15.
Qg3 Qe5 16. g6 hxg6 17. Nce2 Qg5 18. Qh3 e5 19. Rg1 Qh6 20. Qg2 exf4 21. Qf3 Bd6
22. h3 Qh5 23. Rg4 Nf6 24. Nxf4 Qe5 25. h4 Nxg4 26. Qxg4 Qxf4+ 27. Qxf4 Bxf4+
28. Kb1 f5 29. exf5 gxf5 30. Re1 Bg3 31. Re3 Bxh4 32. Rh3 g5 33. Kc1 Rfe8 34.
Rh1 Bxh1 35. Kd2 Re7 36. b3 Rde8 37. a4 g4 38. Kc3 g3 39. Kd2 g2 40. Bxg2 Bxg2
41. Kc3 f4 42. Kc4 f3 0-1

[Event "AUTO-OPEN-1167"]
[Site "http://www.queenalice.com/game.php?id=420033"]
[Date "2008.6.19"]
[Round "1"]
[White "JUDGE_WELKENHEIMER"]
[Black "winner"]
[Result "0-1"]
[WhiteElo "1665"]
[BlackElo "1715"]

1. e4 e6 2. Nf3 d5 3. Bb5+ Bd7 4. Bxd7+ Qxd7 5. Ne5 Qd6 6. d4 Nc6 7. Bf4 Nxe5 8.
dxe5 Qb4+ 9. Bd2 Qxb2 10. Nc3 Qa3 11. Nb5 Qe7 12. O-O a6 13. Bb4 Qd7 14. Nc3
Bxb4 15. Qg4 Bf8 16. Rad1 O-O-O 17. exd5 exd5 18. Qd4 c6 19. Na4 Qc7 20. Qa7
Qxe5 21. Qa8+ Qb8 22. Qxb8+ Kxb8 23. c4 Be7 24. cxd5 Rxd5 25. Rb1 Nf6 26. g3
Rhd8 27. Nb6 Rb5 28. Nc4 Rxb1 29. Rxb1 Rd5 30. Rb6 Rb5 0-1

[Event "AUTO-OPEN-1167"]
[Site "http://www.queenalice.com/game.php?id=420034"]
[Date "2008.6.19"]
[Round "1"]
[White "winner"]
[Black "JUDGE_WELKENHEIMER"]
[Result "1-0"]
[WhiteElo "1698"]
[BlackElo "1711"]

1. e4 e5 2. Nf3 Nc6 3. Bb5 Bc5 4. Bxc6 dxc6 5. O-O Bg4 6. d3 Bxf3 7. Qxf3 Nf6 8.
Be3 Qd7 9. Bxc5 O-O-O 10. Nc3 g5 11. Qxf6 g4 12. Qxe5 Rde8 13. Qd4 Qe6 14. Qe3
f5 15. Rfe1 h5 16. exf5 Qxf5 17. Qd4 b6 18. Rxe8+ Rxe8 19. Ba3 h4 20. Kf1 g3 21.
hxg3 h3 22. gxh3 Qf3 23. Qg4+ Qxg4 24. hxg4 Rg8 25. f3 Rh8 26. Re1 c5 27. Nb5
Rh3 28. Kg2 Rh8 29. Nxa7+ Kb7 30. Nb5 1-0

[Event "AUTO-OPEN-1167"]
[Site "http://www.queenalice.com/game.php?id=420069"]
[Date "2008.6.19"]
[Round "1"]
[White "winner"]
[Black "stamm"]
[Result "0-1"]
[WhiteElo "1728"]
[BlackElo "1766"]

1. e4 e5 2. Nf3 d6 3. d4 Nd7 4. dxe5 Nxe5 5. Nxe5 dxe5 6. Qxd8+ Kxd8 7. Bc4 f6
8. O-O Ne7 9. Rd1+ Ke8 10. Nc3 Bd7 11. Nd5 Nxd5 12. Bxd5 c6 13. Bf7+ Kxf7 14.
Rxd7+ Be7 15. Rxb7 c5 16. Be3 Ke8 0-1

[Event "AUTO-OPEN-1167"]
[Site "http://www.queenalice.com/game.php?id=420070"]
[Date "2008.6.19"]
[Round "1"]
[White "stamm"]
[Black "winner"]
[Result "1-0"]
[WhiteElo "1780"]
[BlackElo "1714"]

1. d4 Nf6 2. e3 e6 3. a3 d5 4. Nf3 Be7 5. Bd3 O-O 6. O-O b6 7. Nc3 c5 8. b4 cxb4
9. axb4 Bxb4 10. Ne2 Qc7 11. Ba3 Bxa3 12. Rxa3 Bb7 13. c3 Ne4 14. Bxe4 dxe4 15.
Nd2 Nd7 16. Nf4 Qd6 17. Qa1 1-0

[Event "AUTO-INT-878"]
[Site "http://www.queenalice.com/game.php?id=498442"]
[Date "2008.11.26"]
[Round "2"]
[White "Jane"]
[Black "winner"]
[Result "1-0"]
[WhiteElo "1681"]
[BlackElo "1710"]

1. e4 e6 2. e5 d6 3. exd6 cxd6 4. Bb5+ Bd7 5. Bxd7+ Qxd7 6. Nc3 Nf6 7. Qf3 Nc6
8. d3 Be7 9. Bg5 O-O 10. Bxf6 Bxf6 11. Nge2 Ne5 12. Qe4 d5 13. Qe3 b6 14. O-O
Qd6 15. f4 Ng6 16. g3 d4 17. Nb5 dxe3 18. Nxd6 Be7 19. Ne4 Rac8 20. c4 Rfd8 21.
Rf3 f5 22. Ng5 Nf8 23. Rxe3 Bc5 24. d4 Bxd4 25. Nxd4 Rxd4 26. b3 Rc6 27. Rae1
Rdd6 28. h3 h6 29. Nf3 Rc7 30. g4 g6 31. gxf5 exf5 32. Re7 Rxe7 33. Rxe7 Rd7 34.
Rxd7 Nxd7 35. Kf2 Kf7 36. Ke3 Ke6 37. Nd4+ Kd6 38. Nb5+ Kc5 39. Nxa7 Kb4 40.
Nc6+ Ka3 41. Ne5 Nf8 42. Kd4 Ne6+ 43. Ke3 1-0

[Event "AUTO-INT-878"]
[Site "http://www.queenalice.com/game.php?id=498443"]
[Date "2008.11.26"]
[Round "2"]
[White "winner"]
[Black "Jane"]
[Result "0-1"]
[WhiteElo "1729"]
[BlackElo "1662"]

1. e4 e5 2. Nf3 Nc6 3. Bb5 Bc5 4. Bxc6 dxc6 5. O-O Bg4 6. h3 Bxf3 7. Qxf3 Qf6 8.
Qxf6 Nxf6 9. d3 O-O 10. Bg5 Nh5 11. g3 f6 12. Bd2 b5 13. Nc3 Bd4 14. Rab1 Bxc3
15. Bxc3 g6 16. g4 Nf4 17. Kh2 c5 18. Bd2 c4 19. Bxf4 exf4 20. h4 cxd3 21. cxd3
Rad8 22. Rbd1 c5 23. b3 a5 24. Kg2 h5 25. gxh5 gxh5 26. Kf3 c4 27. dxc4 Rxd1 28.
Rxd1 bxc4 29. bxc4 Rc8 30. Rd4 Rb8 31. Kxf4 Rb2 32. c5 Rc2 33. f3 Rxc5 34. Rd5
Rxd5 35. exd5 Kf7 36. Kf5 Ke7 37. Kg6 Kd6 38. Kxf6 Kxd5 39. Kg5 Ke5 40. f4+ Ke6
41. f5+ Kf7 42. Kxh5 Kf6 0-1

[Event "AUTO-INT-878"]
[Site "http://www.queenalice.com/game.php?id=498446"]
[Date "2008.11.26"]
[Round "2"]
[White "winner"]
[Black "maxcot13"]
[Result "0-1"]
[WhiteElo "1693"]
[BlackElo "1775"]

1. e4 c5 2. Nf3 Nc6 3. d4 e6 4. d5 exd5 5. exd5 Qe7+ 6. Qe2 Qxe2+ 7. Bxe2 Nb4 8.
Bd1 Nf6 9. Nc3 Nbxd5 10. Nxd5 Nxd5 11. O-O Be7 12. Re1 O-O 13. c4 Bf6 14. cxd5
d6 15. Rb1 Bf5 16. Ra1 Rfe8 17. Ba4 Rxe1+ 18. Nxe1 a6 19. Bc2 Re8 20. Bd2 Bxc2
21. Nxc2 Re2 22. Rd1 Bxb2 23. Ne3 b5 24. Kf1 Rxd2 25. Rxd2 Bd4 26. Nf5 Be5 27.
g3 f6 28. f4 Bc3 29. Re2 g6 30. Nxd6 Kf8 0-1

[Event "AUTO-INT-878"]
[Site "http://www.queenalice.com/game.php?id=498447"]
[Date "2008.11.26"]
[Round "2"]
[White "maxcot13"]
[Black "winner"]
[Result "1-0"]
[WhiteElo "1788"]
[BlackElo "1680"]

1. d4 Nf6 2. c4 e6 3. Nc3 d5 4. Bf4 a6 5. Nf3 c5 6. e3 cxd4 7. Nxd4 dxc4 8. Bxc4
Bd7 9. O-O Nc6 10. Qc2 Nxd4 11. exd4 Be7 12. Be5 Bc6 13. Rad1 O-O 14. Bd3 Nd5
15. Bxh7+ Kh8 16. Be4 Nxc3 17. bxc3 Bxe4 18. Qxe4 Qd5 19. Qg4 f6 20. Bf4 Rad8
21. Rd3 Qe4 22. Rh3+ Kg8 23. Bh6 Qxg4 24. Rg3 Qxg3 25. fxg3 gxh6 26. h4 e5 27.
Re1 Rd5 28. Kh2 Ra5 29. dxe5 Rxe5 30. Rd1 1-0